000 00328nam a22001457a 4500
008 210512b ||||| |||| 00| 0 eng d
020 _a9780072315356
041 _aeng
080 _22nd
_a338
082 _2338
100 _a53
101 _aMEN
245 _aManagement Information Systems
_cStephen Haag
942 _2udc
_cBK
999 _c57280
_d57280